[Event "Glorney Cup IM Norm 2019"]
[Site "Dundalk IRL"]
[Date "2019.07.20"]
[Round "1.1"]
[White "Wiley, Tom E."]
[Black "Wall, Gavin"]
[Result "1/2-1/2"]
[WhiteTitle "FM"]
[BlackTitle "IM"]
[WhiteElo "2162"]
[BlackElo "2311"]
[BlackICU "2264"]
[BlackClub "Richmond ENG"]
[WhiteNationality "ENG"]
[BlackNationality "IRL"]
[WhiteFideId "401765"]
[BlackFideId "2501244"]
[PlyCount "28"]
[Venue "Carrickdale Hotel and Spa"]
[EventDate "2019.07.20"]
[EventType "tourn"]
[Source "Live boards"]

{ Event information: <a
href="http://www.irlchess.com/glorneynorm2019_allfiles/pairings_glorneynorm2019.html">Tournament
report</a>. }

1. d4 f5 2. g3 Nf6 3. Nf3 g6 4. c4 Bg7 5. b4 O-O 6. Bb2 c6 7. Bg2 a5 8. b5
cxb5 9. cxb5 a4 10. O-O d6 11. Nc3 Qb6 12. Rb1 Kh8 13. a3 e6 14. Ba1 Nbd7
1/2-1/2

[Event "Glorney Cup IM Norm 2019"]
[Site "Dundalk IRL"]
[Date "2019.07.20"]
[Round "1.2"]
[White "Stefansson, Vignir Vatnar"]
[Black "Baker, Chris W."]
[Result "1-0"]
[WhiteTitle "FM"]
[BlackTitle "IM"]
[WhiteElo "2293"]
[BlackElo "2273"]
[WhiteNationality "ISL"]
[BlackNationality "ENG"]
[WhiteFideId "2308649"]
[BlackFideId "401676"]
[PlyCount "59"]
[Venue "Carrickdale Hotel and Spa"]
[EventDate "2019.07.20"]
[EventType "tourn"]
[Source "Live boards"]
[WhiteFullName "Stef&aacute;nsson, Vignir Vatnar"]

{ Event information: <a
href="http://www.irlchess.com/glorneynorm2019_allfiles/pairings_glorneynorm2019.html">Tournament
report</a>. }

1. d4 Nf6 2. c4 e6 3. Nc3 Bb4 4. e3 c5 5. Ne2 b6 6. a3 Ba5 7. Rb1 Na6 8. d5
Bb7 9. Bd2 O-O 10. e4 exd5 11. exd5 Re8 12. Nb5 Bxd2+ 13. Qxd2 Ne4 14. Qf4
g5 15. Qg4 Qf6 16. f3 Qg6 17. Rc1 Nf6 18. Qg3 Nh5 19. Qd6 Qd3 20. Qh6 Qg6
21. Qxg6+ hxg6 22. Kf2 Re5 23. Ng3 Nxg3 24. hxg3 Rd8 25. Nd6 Bc8 26. Bd3
Nc7 27. Rh2 Ne8 28. Rch1 Kf8 29. Rh8+ Ke7 30. Nxf7 1-0

[Event "Glorney Cup IM Norm 2019"]
[Site "Dundalk IRL"]
[Date "2019.07.20"]
[Round "1.3"]
[White "Kanyamarala, Trisha"]
[Black "McPhillips, Joseph"]
[Result "0-1"]
[BlackTitle "IM"]
[WhiteElo "2196"]
[BlackElo "2412"]
[WhiteICU "1990"]
[WhiteNationality "IRL"]
[BlackNationality "ENG"]
[WhiteFideId "45004722"]
[BlackFideId "422487"]
[PlyCount "70"]
[Venue "Carrickdale Hotel and Spa"]
[EventDate "2019.07.20"]
[EventType "tourn"]
[Source "Live boards"]

{ Event information: <a
href="http://www.irlchess.com/glorneynorm2019_allfiles/pairings_glorneynorm2019.html">Tournament
report</a>. }

1. d4 d5 2. c4 Nc6 3. Nf3 Bg4 4. cxd5 Bxf3 5. gxf3 Qxd5 6. e3 e6 7. Nc3 Qh5
8. Be2 Qh3 9. f4 Bb4 10. a3 Bxc3+ 11. bxc3 Nge7 12. Rb1 Rb8 13. Bd2 O-O 14.
Bf3 Nf5 15. Bg4 Qh4 16. Qf3 a6 17. a4 Rfd8 18. Qe2 Nce7 19. Bf3 c6 20. O-O
Qh6 21. e4 Nh4 22. Bg2 Neg6 23. f5 Nf4 24. Bxf4 Qxf4 25. fxe6 fxe6 26. Qe3
Ng6 27. e5 Rf8 28. Bh3 Qf7 29. c4 Rbd8 30. Rb3 Nf4 31. Bg4 Qg6 32. Qg3 Rxd4
33. Rxb7 Rd3 34. Qh4 h5 35. Kh1 hxg4 0-1

[Event "Glorney Cup IM Norm 2019"]
[Site "Dundalk IRL"]
[Date "2019.07.20"]
[Round "1.4"]
[White "O'Donnell, Conor"]
[Black "Moran, Darragh"]
[Result "1-0"]
[WhiteTitle "FM"]
[WhiteElo "2341"]
[BlackElo "1880"]
[WhiteICU "2298"]
[BlackICU "1828"]
[WhiteClub "Gonzaga"]
[BlackClub "Gonzaga"]
[WhiteNationality "IRL"]
[BlackNationality "IRL"]
[WhiteFideId "2504243"]
[BlackFideId "2510294"]
[PlyCount "87"]
[Venue "Carrickdale Hotel and Spa"]
[EventDate "2019.07.20"]
[EventType "tourn"]
[Source "Live boards"]

{ Event information: <a
href="http://www.irlchess.com/glorneynorm2019_allfiles/pairings_glorneynorm2019.html">Tournament
report</a>. }

1. e4 e6 2. d4 d5 3. Nc3 Nf6 4. e5 Nfd7 5. f4 c5 6. Nf3 Nc6 7. Be3 Be7 8.
Qd2 O-O 9. dxc5 Qa5 10. a3 Bxc5 11. O-O-O a6 12. Bxc5 Nxc5 13. Qe3 Na4 14.
Nxa4 Qxa4 15. Bd3 f6 16. exf6 Rxf6 17. Rhf1 Qxf4 18. Bxh7+ Kh8 19. Qxf4
Rxf4 20. Ng5 Rf6 21. c4 d4 22. Be4 Bd7 23. Nf7+ Kg8 24. Nd6 b6 25. Rxf6
gxf6 26. Rxd4 Nxd4 27. Bxa8 e5 28. Ne4 Kf7 29. Kd2 f5 30. Bd5+ Ke7 31. Nc3
Kf6 32. b4 e4 33. Bb7 a5 34. Nd5+ Ke5 35. Nxb6 Be8 36. c5 axb4 37. Nc4+ Kf4
38. axb4 Bf7 39. Ba6 Nc6 40. Kc3 e3 41. Nb2 Bd5 42. Nd3+ Kg4 43. Ne1 f4 44.
Be2+ 1-0

[Event "Glorney Cup IM Norm 2019"]
[Site "Dundalk IRL"]
[Date "2019.07.20"]
[Round "1.5"]
[White "O'Gorman, Tom"]
[Black "Kanyamarala, Tarun"]
[Result "1-0"]
[WhiteTitle "FM"]
[WhiteElo "2227"]
[BlackElo "2244"]
[WhiteICU "2208"]
[BlackICU "2110"]
[WhiteClub "Dun Laoghaire"]
[WhiteNationality "IRL"]
[BlackNationality "IRL"]
[WhiteFideId "2508249"]
[BlackFideId "45004714"]
[PlyCount "73"]
[Venue "Carrickdale Hotel and Spa"]
[EventDate "2019.07.20"]
[EventType "tourn"]
[Source "Live boards"]

{ Event information: <a
href="http://www.irlchess.com/glorneynorm2019_allfiles/pairings_glorneynorm2019.html">Tournament
report</a>. }

1. e4 e5 2. Nf3 Nc6 3. Bb5 a6 4. Ba4 Nf6 5. O-O Be7 6. Re1 b5 7. Bb3 d6 8.
c3 O-O 9. h3 Nb8 10. d4 Nbd7 11. Nbd2 Bb7 12. Bc2 Re8 13. Nf1 Bf8 14. Ng3
g6 15. b3 a5 16. d5 c6 17. c4 bxc4 18. bxc4 Nc5 19. Be3 Nfd7 20. Nh2 Nb6
21. Rb1 Ba6 22. Ng4 Nxc4 23. Bxc5 dxc5 24. Ba4 Bb5 25. dxc6 Qxd1 26. Bxd1
Reb8 27. Nf6+ Kg7 28. Nd7 Na3 29. Nxb8 Rxb8 30. Bg4 Bd6 31. Rbd1 Nc4 32.
Be2 Bc7 33. Rd7 Bb6 34. Rb7 Rxb7 35. cxb7 Ba7 36. a4 Ba6 37. Rc1 1-0

[Event "Glorney Cup IM Norm 2019"]
[Site "Dundalk IRL"]
[Date "2019.07.20"]
[Round "2.1"]
[White "Wall, Gavin"]
[Black "Kanyamarala, Tarun"]
[Result "1-0"]
[WhiteTitle "IM"]
[WhiteElo "2311"]
[BlackElo "2244"]
[WhiteICU "2264"]
[BlackICU "2110"]
[WhiteClub "Richmond ENG"]
[WhiteNationality "IRL"]
[BlackNationality "IRL"]
[WhiteFideId "2501244"]
[BlackFideId "45004714"]
[PlyCount "92"]
[Venue "Carrickdale Hotel and Spa"]
[EventDate "2019.07.20"]
[EventType "tourn"]
[Source "Live boards"]

{ Event information: <a
href="http://www.irlchess.com/glorneynorm2019_allfiles/pairings_glorneynorm2019.html">Tournament
report</a>. }

1. e4 c5 2. Nf3 d6 3. Bb5+ Nd7 4. d4 Nf6 5. Nc3 a6 6. Bxd7+ Nxd7 7. O-O e6
8. d5 e5 9. a4 Be7 10. Nd2 O-O 11. Nc4 Nb6 12. Na3 f5 13. a5 Nd7 14. Nc4 f4
15. f3 Rf6 16. Na4 Rh6 17. Bd2 Qe8 18. Qe2 Nf6 19. Nab6 Rb8 20. Nxc8 Rxc8
21. Ra3 g5 22. g4 Rg6 23. Nb6 Rc7 24. b4 h5 25. h3 Bd8 26. c4 Rh7 27. bxc5
Bxb6 28. axb6 dxc5 29. Kg2 Rgh6 30. Rd3 hxg4 31. fxg4 Qg6 32. Re1 Rh4 33.
d6 Qh6 34. Qf3 Qg6 35. Qe2 Qh6 36. Qf3 Rd7 37. Bc3 Rh7 38. Bxe5 Nxg4 39. d7
Rxd7 40. hxg4 Rh2+ 41. Kf1 Qh4 42. Rxd7 Rh1+ 43. Qxh1 Qxh1+ 44. Ke2 Qg2+
45. Kd3 Qg3+ 46. Kd2 Qxg4 1-0

[Event "Glorney Cup IM Norm 2019"]
[Site "Dundalk IRL"]
[Date "2019.07.20"]
[Round "2.2"]
[White "Moran, Darragh"]
[Black "O'Gorman, Tom"]
[Result "0-1"]
[BlackTitle "FM"]
[WhiteElo "1880"]
[BlackElo "2227"]
[WhiteICU "1828"]
[BlackICU "2208"]
[WhiteClub "Gonzaga"]
[BlackClub "Dun Laoghaire"]
[WhiteNationality "IRL"]
[BlackNationality "IRL"]
[WhiteFideId "2510294"]
[BlackFideId "2508249"]
[PlyCount "42"]
[Venue "Carrickdale Hotel and Spa"]
[EventDate "2019.07.20"]
[EventType "tourn"]
[Source "Live boards"]

{ Event information: <a
href="http://www.irlchess.com/glorneynorm2019_allfiles/pairings_glorneynorm2019.html">Tournament
report</a>. }

1. e4 c5 2. Nf3 d6 3. d4 cxd4 4. Nxd4 Nf6 5. f3 e5 6. Nb3 Nc6 7. c4 a5 8.
Be3 a4 9. Nc1 Be7 10. Na3 O-O 11. Ne2 Nh5 12. Nc3 f5 13. Bd3 Bh4+ 14. g3 f4
15. Bxf4 Nxf4 16. gxh4 Qxh4+ 17. Kd2 Qh6 18. Nc2 Ng2+ 19. Ke2 Bg4 20. fxg4
Nd4+ 21. Nxd4 Qe3# 0-1

[Event "Glorney Cup IM Norm 2019"]
[Site "Dundalk IRL"]
[Date "2019.07.20"]
[Round "2.3"]
[White "McPhillips, Joseph"]
[Black "O'Donnell, Conor"]
[Result "1/2-1/2"]
[WhiteTitle "IM"]
[BlackTitle "FM"]
[WhiteElo "2412"]
[BlackElo "2341"]
[BlackICU "2298"]
[BlackClub "Gonzaga"]
[WhiteNationality "ENG"]
[BlackNationality "IRL"]
[WhiteFideId "422487"]
[BlackFideId "2504243"]
[PlyCount "59"]
[Venue "Carrickdale Hotel and Spa"]
[EventDate "2019.07.20"]
[EventType "tourn"]
[Source "Live boards"]

{ Event information: <a
href="http://www.irlchess.com/glorneynorm2019_allfiles/pairings_glorneynorm2019.html">Tournament
report</a>. }

1. c4 e5 2. Nc3 Nf6 3. Nf3 Nc6 4. e3 Bb4 5. Qc2 O-O 6. Nd5 Re8 7. Qf5 d6 8.
Nxf6+ gxf6 9. Qh5 e4 10. Rg1 d5 11. cxd5 Ne5 12. Nxe5 Rxe5 13. Qh4 Rxd5 14.
Qxe4 Rxd2 15. Qxb4 Rd1+ 16. Ke2 Qd3+ 17. Kf3 Qd5+ 18. Ke2 Qd3+ 19. Kf3 Qd5+
20. e4 Qh5+ 21. g4 Qxh2 22. Qa4 Qxg1 23. Qe8+ Kg7 24. Bh6+ Kg6 25. Qg8+
Kxh6 26. Qf8+ Kg6 27. Qg8+ Kh6 28. Qf8+ Kg6 29. Qg8+ Kh6 30. Qf8+ 1/2-1/2

[Event "Glorney Cup IM Norm 2019"]
[Site "Dundalk IRL"]
[Date "2019.07.20"]
[Round "2.4"]
[White "Baker, Chris W."]
[Black "Kanyamarala, Trisha"]
[Result "0-1"]
[WhiteTitle "IM"]
[WhiteElo "2273"]
[BlackElo "2196"]
[BlackICU "1990"]
[WhiteNationality "ENG"]
[BlackNationality "IRL"]
[WhiteFideId "401676"]
[BlackFideId "45004722"]
[PlyCount "84"]
[Venue "Carrickdale Hotel and Spa"]
[EventDate "2019.07.20"]
[EventType "tourn"]
[Source "Live boards"]

{ Event information: <a
href="http://www.irlchess.com/glorneynorm2019_allfiles/pairings_glorneynorm2019.html">Tournament
report</a>. }

1. e4 c5 2. Nf3 d6 3. d4 cxd4 4. Qxd4 Nc6 5. Bb5 Bd7 6. Bxc6 Bxc6 7. c4 Nf6
8. Nc3 g6 9. O-O Bg7 10. Qd3 Nd7 11. Re1 O-O 12. Bd2 Rc8 13. Rac1 b6 14. b3
Re8 15. Qb1 Qc7 16. Be3 a6 17. h3 Qb8 18. Nd4 Bb7 19. a4 Qa8 20. Rcd1 Qb8
21. Qd3 Nc5 22. Qc2 Nd7 23. Qd2 Nc5 24. Bh6 e5 25. Nf5 gxf5 26. Bxg7 Kxg7
27. Qg5+ Kf8 28. exf5 Red8 29. f6 Ne6 30. Qh6+ Ke8 31. Qxh7 Nf8 32. Qg8 Rc7
33. f4 Rc5 34. Rd4 Qc8 35. fxe5 Rxe5 36. Red1 Qe6 37. Rf1 Kd7 38. Qg7 Ng6
39. Rg4 Re1 40. Rxg6 Rxf1+ 41. Kh2 Qe5+ 42. Rg3 Qe1 0-1

[Event "Glorney Cup IM Norm 2019"]
[Site "Dundalk IRL"]
[Date "2019.07.21"]
[Round "3.2"]
[White "Kanyamarala, Trisha"]
[Black "Wiley, Tom E."]
[Result "1-0"]
[BlackTitle "FM"]
[WhiteElo "2196"]
[BlackElo "2162"]
[WhiteICU "1990"]
[WhiteNationality "IRL"]
[BlackNationality "ENG"]
[WhiteFideId "45004722"]
[BlackFideId "401765"]
[PlyCount "73"]
[Venue "Carrickdale Hotel and Spa"]
[EventDate "2019.07.20"]
[EventType "tourn"]
[Source "Live boards"]

{ Event information: <a
href="http://www.irlchess.com/glorneynorm2019_allfiles/pairings_glorneynorm2019.html">Tournament
report</a>. }

1. d4 Nf6 2. c4 e6 3. Nc3 Bb4 4. f3 O-O 5. a3 Bxc3+ 6. bxc3 Ne8 7. e4 b6 8.
Bd3 Ba6 9. Nh3 Nc6 10. O-O Na5 11. Qe2 c5 12. Be3 d6 13. e5 f5 14. exf6
Qxf6 15. Bg5 Qf7 16. Bh4 h6 17. Rae1 Nc7 18. Qe4 g5 19. Bg3 Rad8 20. f4 g4
21. Nf2 h5 22. dxc5 bxc5 23. h3 d5 24. cxd5 exd5 25. Qe5 Bxd3 26. Nxd3 gxh3
27. f5 hxg2 28. Rf3 Rd7 29. Nxc5 Re8 30. Ne6 Nc6 31. Qe3 Nb5 32. Qg5+ Kh8
33. Qh6+ Qh7 34. Qf6+ Kg8 35. Be5 Nxe5 36. Rxe5 h4 37. Rf4 1-0

[Event "Glorney Cup IM Norm 2019"]
[Site "Dundalk IRL"]
[Date "2019.07.21"]
[Round "3.3"]
[White "O'Donnell, Conor"]
[Black "Baker, Chris W."]
[Result "1-0"]
[WhiteTitle "FM"]
[BlackTitle "IM"]
[WhiteElo "2341"]
[BlackElo "2273"]
[WhiteICU "2298"]
[WhiteClub "Gonzaga"]
[WhiteNationality "IRL"]
[BlackNationality "ENG"]
[WhiteFideId "2504243"]
[BlackFideId "401676"]
[PlyCount "63"]
[Venue "Carrickdale Hotel and Spa"]
[EventDate "2019.07.20"]
[EventType "tourn"]
[Source "Live boards"]

{ Event information: <a
href="http://www.irlchess.com/glorneynorm2019_allfiles/pairings_glorneynorm2019.html">Tournament
report</a>. }

1. c4 c5 2. Nf3 Nf6 3. Nc3 e6 4. g3 b6 5. Bg2 Bb7 6. O-O Be7 7. d4 cxd4 8.
Qxd4 O-O 9. Bg5 Nc6 10. Qd2 Na5 11. b3 Ne4 12. Nxe4 Bxe4 13. Rfd1 d5 14.
cxd5 Bxd5 15. Rac1 f6 16. Bf4 Ba3 17. e4 Bb7 18. Qe2 Qe8 19. Rc7 Rf7 20.
Rxf7 Qxf7 21. e5 Rc8 22. h4 Bc5 23. h5 Rf8 24. h6 g5 25. Be3 Bxe3 26. Qxe3
g4 27. Nd4 Bxg2 28. Kxg2 Rd8 29. Re1 Kh8 30. exf6 Qxf6 31. Qxe6 Qxe6 32.
Rxe6 1-0

[Event "Glorney Cup IM Norm 2019"]
[Site "Dundalk IRL"]
[Date "2019.07.21"]
[Round "3.4"]
[White "O'Gorman, Tom"]
[Black "McPhillips, Joseph"]
[Result "1/2-1/2"]
[WhiteTitle "FM"]
[BlackTitle "IM"]
[WhiteElo "2227"]
[BlackElo "2412"]
[WhiteICU "2208"]
[WhiteClub "Dun Laoghaire"]
[WhiteNationality "IRL"]
[BlackNationality "ENG"]
[WhiteFideId "2508249"]
[BlackFideId "422487"]
[PlyCount "95"]
[Venue "Carrickdale Hotel and Spa"]
[EventDate "2019.07.20"]
[EventType "tourn"]
[Source "Live boards"]

{ Event information: <a
href="http://www.irlchess.com/glorneynorm2019_allfiles/pairings_glorneynorm2019.html">Tournament
report</a>. }

1. e4 e6 2. d4 d5 3. Nd2 h6 4. Ngf3 Nf6 5. e5 Nfd7 6. Bd3 c5 7. c3 Nc6 8.
O-O g5 9. dxc5 Nxc5 10. Bc2 Nd7 11. c4 Bg7 12. cxd5 exd5 13. Nb3 Ndxe5 14.
Nxe5 Bxe5 15. f4 gxf4 16. Bxf4 Bxf4 17. Rxf4 Be6 18. Nd4 Qb6 19. Kh1 O-O-O
20. Rc1 Kb8 21. Nxc6+ Qxc6 22. Bb3 Qb6 23. Qd4 Qxd4 24. Rxd4 Rhg8 25. h3
Rg5 26. Kh2 Re5 27. Rcd1 Kc7 28. R1d2 Kd6 29. Kh1 a6 30. Kh2 Rg8 31. Bd1
Rc8 32. Bf3 Rg5 33. a3 b5 34. Rh4 Rg6 35. Rh5 f5 36. Bxd5 Bxd5 37. Rxf5
Rxg2+ 38. Rxg2 Bxg2 39. Kxg2 Rc2+ 40. Kg3 Rxb2 41. Rf6+ Kd5 42. Rxa6 Ra2
43. Kg4 Kc4 44. Rc6+ Kb3 45. Rb6 Kc4 46. Rc6+ Kb3 47. Rb6 Kc4 48. Rc6+
1/2-1/2

[Event "Glorney Cup IM Norm 2019"]
[Site "Dundalk IRL"]
[Date "2019.07.21"]
[Round "3.5"]
[White "Kanyamarala, Tarun"]
[Black "Moran, Darragh"]
[Result "1-0"]
[WhiteElo "2244"]
[BlackElo "1880"]
[WhiteICU "2110"]
[BlackICU "1828"]
[BlackClub "Gonzaga"]
[WhiteNationality "IRL"]
[BlackNationality "IRL"]
[WhiteFideId "45004714"]
[BlackFideId "2510294"]
[PlyCount "79"]
[Venue "Carrickdale Hotel and Spa"]
[EventDate "2019.07.20"]
[EventType "tourn"]
[Source "Live boards"]

{ Event information: <a
href="http://www.irlchess.com/glorneynorm2019_allfiles/pairings_glorneynorm2019.html">Tournament
report</a>. }

1. d4 d5 2. c4 c6 3. Nf3 Nf6 4. Nc3 e6 5. g3 dxc4 6. Bg2 b5 7. Ne5 Qb6 8.
a4 Bb7 9. a5 Qc7 10. a6 Bc8 11. Nxb5 Qb6 12. Nc3 Nd5 13. Nxc4 Qb4 14. Ra4
Nxc3 15. bxc3 Qxc3+ 16. Bd2 Qxd4 17. Qc2 Qd8 18. O-O Bc5 19. Na5 Bb6 20.
Nxc6 Nxc6 21. Bxc6+ Bd7 22. Bxa8 Qxa8 23. Ba5 Bxa4 24. Qxa4+ Ke7 25. Qb4+
Kf6 26. Qh4+ Kg6 27. Qg4+ Kf6 28. Bxb6 axb6 29. Qd4+ Kg6 30. Qxb6 Rb8 31.
Qd4 Qd5 32. Qxd5 exd5 33. a7 Ra8 34. Ra1 Kf5 35. Kg2 Ke4 36. Ra4+ d4 37. e3
Ke5 38. exd4+ Ke4 39. f3+ Ke3 40. d5 1-0

[Event "Glorney Cup IM Norm 2019"]
[Site "Dundalk IRL"]
[Date "2019.07.21"]
[Round "4.1"]
[White "Wall, Gavin"]
[Black "Moran, Darragh"]
[Result "1-0"]
[WhiteTitle "IM"]
[WhiteElo "2311"]
[BlackElo "1880"]
[WhiteICU "2264"]
[BlackICU "1828"]
[WhiteClub "Richmond ENG"]
[BlackClub "Gonzaga"]
[WhiteNationality "IRL"]
[BlackNationality "IRL"]
[WhiteFideId "2501244"]
[BlackFideId "2510294"]
[PlyCount "43"]
[Venue "Carrickdale Hotel and Spa"]
[EventDate "2019.07.20"]
[EventType "tourn"]
[Source "Live boards"]

{ Event information: <a
href="http://www.irlchess.com/glorneynorm2019_allfiles/pairings_glorneynorm2019.html">Tournament
report</a>. }

1. e4 e6 2. d4 d5 3. e5 c5 4. c3 Nc6 5. Nf3 Bd7 6. Be2 Nge7 7. Na3 Ng6 8.
h4 cxd4 9. cxd4 Bb4+ 10. Kf1 O-O 11. h5 Nh8 12. h6 g6 13. Bg5 Be7 14. Bxe7
Qxe7 15. Nc2 f6 16. Ne3 fxe5 17. dxe5 Qb4 18. Rh4 Rf4 19. Nxd5 exd5 20.
Qxd5+ Nf7 21. Rxf4 Qxf4 22. Qxd7 1-0

[Event "Glorney Cup IM Norm 2019"]
[Site "Dundalk IRL"]
[Date "2019.07.21"]
[Round "4.2"]
[White "McPhillips, Joseph"]
[Black "Kanyamarala, Tarun"]
[Result "1-0"]
[WhiteTitle "IM"]
[WhiteElo "2412"]
[BlackElo "2244"]
[BlackICU "2110"]
[WhiteNationality "ENG"]
[BlackNationality "IRL"]
[WhiteFideId "422487"]
[BlackFideId "45004714"]
[PlyCount "131"]
[Venue "Carrickdale Hotel and Spa"]
[EventDate "2019.07.20"]
[EventType "tourn"]
[Source "Live boards"]

{ Event information: <a
href="http://www.irlchess.com/glorneynorm2019_allfiles/pairings_glorneynorm2019.html">Tournament
report</a>. }

1. f4 Nf6 2. Nf3 d5 3. g3 g6 4. Bg2 Bg7 5. O-O O-O 6. d3 c5 7. Qe1 Nc6 8.
c3 d4 9. Na3 Nd5 10. Bd2 e5 11. fxe5 Nxe5 12. Nxe5 Bxe5 13. Nc4 Bg7 14. e4
Nb6 15. Nxb6 Qxb6 16. c4 Qxb2 17. a4 Qc2 18. Ra3 Bd7 19. Bg5 Qb2 20. Ra1
Qb6 21. Rb1 Qa6 22. Be7 Rfe8 23. Bxc5 Rac8 24. Qf2 Be6 25. Bxd4 Bxd4 26.
Qxd4 Red8 27. Qc3 Qd6 28. Rf3 b6 29. Kh1 Rc5 30. Rb5 a6 31. Rb1 Qc6 32. Qf6
Qd6 33. Qb2 b5 34. axb5 axb5 35. cxb5 Rb8 36. Qa3 Qb6 37. d4 Rxb5 38. Rxb5
Qxb5 39. d5 Qe2 40. Rf1 Rb2 41. Qf3 Qxf3 42. Rxf3 Rb1+ 43. Rf1 Rxf1+ 44.
Bxf1 Bd7 45. Kg2 f6 46. Kf3 Kf7 47. Kf4 g5+ 48. Ke3 Ke7 49. Be2 Kd6 50. Kd4
Bc8 51. Bh5 Bd7 52. Bf7 Bb5 53. Be6 Ba6 54. Kc3 Kc5 55. Bd7 Bf1 56. Kb3 Bd3
57. Bf5 h6 58. d6 Kc6 59. Kb4 Be2 60. d7 Kc7 61. Kc5 Bd1 62. Kd4 Kd8 63.
Kd5 Bb3+ 64. Kd6 Bf7 65. Be6 Bg6 66. Bd5 1-0

[Event "Glorney Cup IM Norm 2019"]
[Site "Dundalk IRL"]
[Date "2019.07.21"]
[Round "4.3"]
[White "Baker, Chris W."]
[Black "O'Gorman, Tom"]
[Result "1-0"]
[WhiteTitle "IM"]
[BlackTitle "FM"]
[WhiteElo "2273"]
[BlackElo "2227"]
[BlackICU "2208"]
[BlackClub "Dun Laoghaire"]
[WhiteNationality "ENG"]
[BlackNationality "IRL"]
[WhiteFideId "401676"]
[BlackFideId "2508249"]
[PlyCount "57"]
[Venue "Carrickdale Hotel and Spa"]
[EventDate "2019.07.20"]
[EventType "tourn"]
[Source "Live boards"]

{ Event information: <a
href="http://www.irlchess.com/glorneynorm2019_allfiles/pairings_glorneynorm2019.html">Tournament
report</a>. }

1. d4 Nf6 2. Nf3 g6 3. c4 Bg7 4. g3 O-O 5. Bg2 d6 6. O-O Nc6 7. Nc3 a6 8.
Qd3 Nd7 9. b3 e5 10. dxe5 dxe5 11. Ba3 Re8 12. Rad1 f5 13. Qd5+ Kh8 14. Qd2
h6 15. Nh4 Kh7 16. e3 Bf6 17. Nd5 Bxh4 18. gxh4 e4 19. h5 g5 20. f3 exf3
21. Rxf3 Nde5 22. Rff1 Be6 23. Qc2 Kg8 24. Rxf5 Bxf5 25. Qxf5 Rf8 26. Bxf8
Qxf8 27. Nf6+ Kg7 28. Rd7+ Ne7 29. Qxe5 1-0

[Event "Glorney Cup IM Norm 2019"]
[Site "Dundalk IRL"]
[Date "2019.07.21"]
[Round "4.4"]
[White "Wiley, Tom E."]
[Black "O'Donnell, Conor"]
[Result "0-1"]
[WhiteTitle "FM"]
[BlackTitle "FM"]
[WhiteElo "2162"]
[BlackElo "2341"]
[BlackICU "2298"]
[BlackClub "Gonzaga"]
[WhiteNationality "ENG"]
[BlackNationality "IRL"]
[WhiteFideId "401765"]
[BlackFideId "2504243"]
[PlyCount "86"]
[Venue "Carrickdale Hotel and Spa"]
[EventDate "2019.07.20"]
[EventType "tourn"]
[Source "Live boards"]

{ Event information: <a
href="http://www.irlchess.com/glorneynorm2019_allfiles/pairings_glorneynorm2019.html">Tournament
report</a>. }

1. d4 d5 2. c4 Nc6 3. Nc3 Nf6 4. cxd5 Nxd5 5. Nf3 Bg4 6. e3 e5 7. Be2 exd4
8. Nxd4 Nxc3 9. bxc3 Bxe2 10. Qxe2 Qd5 11. O-O O-O-O 12. Nxc6 Qxc6 13. Bb2
Be7 14. c4 Bf6 15. Bxf6 Qxf6 16. Rab1 Rd7 17. Rb3 Rhd8 18. Rfb1 c6 19. h3
Qe5 20. g3 Qf5 21. g4 Qe4 22. R3b2 f5 23. gxf5 Qxf5 24. Qg4 Qxg4+ 25. hxg4
Rd1+ 26. Rxd1 Rxd1+ 27. Kg2 Rc1 28. Rb4 a5 29. Ra4 b6 30. Kf3 Kc7 31. Ke4
Kd6 32. f4 Rg1 33. Kf5 g6+ 34. Kg5 h5 35. Kxg6 h4 36. c5+ Kxc5 37. Rd4 h3
38. Rd2 Rxg4+ 39. Kf5 Rg2 40. Rd7 Rxa2 41. Rh7 h2 42. Ke6 Re2 43. Rh3 Rxe3+
0-1